000 nam a22 a 4500
999 _c127087
_d127087
003 BLK
005 20230504154116.0
008 180409b bul|||||r ||||||| ||bul||
010 _aKNG00132785000
020 _a954-8317-19-02
020 _a954-8317-19-2
040 _aBLK
041 _aBUL
_cBUL
072 7 _2bullib
_aЯ
_xАвтографи
072 7 _2bullib
_aК
_xКраезнание
080 _aБългарска литература
_b821.163.2
_x-1
_z821.163.2-1
100 1 _aФилипов, Михаил
_eпърви автор
_9375013
139 _aФилипов, Михаил
_bФ 50
245 1 0 _aПростете, но аз съществувам...
_bСтихотворения
_cМихаил Филипов.
257 _aBGR
260 _aСофия
_bЛице
_c1993
_fСофия : ДФ ПК
300 _a112 с.
_c20 см
380 _aX
500 _a2 500 тир.
653 _aстихотворения
659 _aК
659 _aЯ
852 _aЦб 174592
_bЦб
852 _aК 821.163.2/Ф 50 М
856 4 _qpdf
_i0.00
_ldisable
856 4 _qpdf
_i0.00
_ldisable
942 _cKNG
_n0
_s1
944 _aCR
_c13.08.2012
_lф / 13.08.2012
_kНаталия_Медовщикова
944 _aED
_c12.04.2017
_lф / 13.08.2012
_kЛюдмила_Стоянова
999 _d127087
999 _d127087
999 _d127087
999 _d127087
999 _d127087
999 _d127087